Opinión pública y vida después de la muerte (Registro nro. 69929)
[ vista simple ]
| 000 -LÍDER | |
|---|---|
| Campo fijo de descripción fija | 02044nab a2200253 i 4500 |
| 001 - NÚMERO DE CONTROL | |
| Campo de control | 768714001 |
| 003 - IDENTIFICADOR DEL NÚMERO DE CONTROL | |
| Campo de control | CO-MdFUSB |
| 005 - FECHA Y HORA DE LA ULTIMA TRANSACCIÓN | |
| control field | 20240527124757.0 |
| 008 - ELEMENTOS DE LONGITUD FIJA -- INFORMACIÓN GENERAL | |
| Campo fijo de descripción fija -- Información general | 240527t1975 sp ||||| |||| 00| 0 spa d |
| 040 ## - FUENTE DE CATALOGACIÓN | |
| Idioma de catalogación | |
| Agencia que realiza la transcripción | CO-MdFUSB |
| Agencia que realiza la modificación | CO-MdFUSB |
| 041 ## - CÓDIGO DE IDIOMA | |
| Código de idioma para texto/pista de sonido o título separado | spa |
| 100 ## - ASIENTO PRINCIPAL--NOMBRE PERSONAL | |
| Nombre personal | Greeley, Andrew M. |
| Término relacionador | autor |
| 245 ## - TÍTULO | |
| Título | Opinión pública y vida después de la muerte |
| Mención de responsabilidad | / Andrew M. Greeley ; traducido por Jesús valiente Malla |
| 520 ## - NOTA DE RESUMEN, ETC. | |
| Nota de sumario, etc. | La opinión pública, a pesar del entusiasmo con que algunas gentes la acogen y de la fe profunda que en ella ponen algunos políticos, no es una forma de la divina revelación.<br/>Pero es un dato sobre el que pensadores y teólogos pueden reflexionar. Los sondeos de opinión nos dicen no sólo donde hay una población religiosa, sino que también nos pueden ilustrar acerca de la situación humana y las aspiraciones del corazón de los hombres.<br/>Este artículo analizó una serie de datos acerca de las actitudes ante la muerte en cierto número de países importantes y en diversos períodos de tiempo. Se trata, entre otras cosas, de poner a prueba una hipótesis, la llamada teoría de la «secularización», en que se afirma que en una sociedad industrialmente avanzada los seres humanos ilustrados y evolucionados ya no pueden tomar en serio los mitos religiosos. Cuanto más industrializada esté una sociedad y cuanto más reciente sea la encuesta a que correspondan los datos, más baja será la proporción según la hipótesis de la secularización de quienes crean en la vida más allá de la muerte.<br/> |
| 650 #7 - ASIENTO SECUNDARIO DE MATERIA - TERMINO TEMÁTICO | |
| Término temático o nombre geográfico como elemento de entrada | Secularización (Teología) |
| 9 (RLIN) | 6926 |
| 650 #0 - ASIENTO SECUNDARIO DE MATERIA - TERMINO TEMÁTICO | |
| Término temático o nombre geográfico como elemento de entrada | Muerte |
| 9 (RLIN) | 1613 |
| 650 #7 - ASIENTO SECUNDARIO DE MATERIA - TERMINO TEMÁTICO | |
| Término temático o nombre geográfico como elemento de entrada | Escatología |
| 9 (RLIN) | 213 |
| 650 #0 - ASIENTO SECUNDARIO DE MATERIA - TERMINO TEMÁTICO | |
| Término temático o nombre geográfico como elemento de entrada | Inmortalidad (Filosofía) |
| 9 (RLIN) | 1095 |
| 653 ## - TÉRMINO DE INDIZACIÓN - NO CONTROLADO | |
| Término no controlado | Deseo de inmortalidad |
| 700 ## - ENTR. SECUNDARIA - Nombre Personal (R) | |
| Nombre de persona | Valiente Malla, Jesús, |
| Término indicativo de función | traductor |
| 773 0# - ASIENTO DE ITEM FUENTE | |
| Biblionumber | 49450 |
| Itemnumber | 82686 |
| Otro identificador del ítem | R2595 |
| Título | Revista internacional de teología Concilium |
| Número de control del registro | (CO-MdFUSB)8 |
| Número Internacional Normalizado para Publicaciones Seriadas (ISSN) | 0210-1041 |
| Parte(s) relacionada(s) / Volumen., número. (mes año), páginas | Volumen 105, (mayo, 1975) páginas: 169 - 186 |
| Enumeración y primera página | páginas: 169 |
| 942 ## - TIPO DE MATERIAL (KOHA) | |
| Tipo de Item KOHA | Artículos de Revista |
| 945 ## - INFORMACIÓN LOCAL DEL REGISTRO | |
| Catalogador | Catherine Arias Álvarez - Practicante SENA |
No hay ítems disponibles.
